Missing pieces : (Record no. 767)

MARC details
000 -LEADER
fixed length control field 01130cam a2200313 a 4500
001 - CONTROL NUMBER
control field 15262225
003 - CONTROL NUMBER IDENTIFIER
control field OSt
005 - DATE AND TIME OF LATEST TRANSACTION
control field 20230607084918.0
008 - FIXED-LENGTH DATA ELEMENTS--GENERAL INFORMATION
fixed length control field 080415s2007 sz b i000 0 eng
010 ## - LIBRARY OF CONGRESS CONTROL NUMBER
LC control number 2008384882
020 ## - INTERNATIONAL STANDARD BOOK NUMBER
International Standard Book Number 9789291423279
020 ## - INTERNATIONAL STANDARD BOOK NUMBER
International Standard Book Number 9291423270
040 ## - CATALOGING SOURCE
Original cataloging agency DLC
Transcribing agency DLC
Modifying agency DLC
050 00 - LIBRARY OF CONGRESS CALL NUMBER
Classification number HV7435
Item number .M57 2007
082 00 - DEWEY DECIMAL CLASSIFICATION NUMBER
Classification number 363.33
Edition number 22
245 00 - TITLE STATEMENT
Title Missing pieces :
Remainder of title a guide for reducing gun violence through parliamentary action.
246 13 - VARYING FORM OF TITLE
Title proper/short title Guide for reducing gun violence through parliamentary action
260 ## - PUBLICATION, DISTRIBUTION, ETC. (IMPRINT)
Place of publication, distribution, etc. [Geneva :
Name of publisher, distributor, etc. Inter-Parliamentary Union ;
-- Centre for Humanitarian Dialogue,
Date of publication, distribution, etc. 2007]
300 ## - PHYSICAL DESCRIPTION
Extent 188 p. ;
Dimensions 23 cm.
490 0# - SERIES STATEMENT
Series statement Handbook for parliamentarians ;
Volume/sequential designation no. 12-2007
504 ## - BIBLIOGRAPHY, ETC. NOTE
Bibliography, etc Includes bibliographical references.
650 #0 - SUBJECT ADDED ENTRY--TOPICAL TERM
Topical term or geographic name as entry element Gun control.
650 #0 - SUBJECT ADDED ENTRY--TOPICAL TERM
Topical term or geographic name as entry element Firearms
General subdivision Law and legislation.
710 2# - ADDED ENTRY--CORPORATE NAME
Corporate name or jurisdiction name as entry element Inter-parliamentary Union.
710 2# - ADDED ENTRY--CORPORATE NAME
Corporate name or jurisdiction name as entry element Centre for Humanitarian Dialogue.
906 ## - LOCAL DATA ELEMENT F, LDF (RLIN)
a 7
b cbc
c origres
d 2
e ncip
f 20
g y-gencatlg
942 ## - ADDED ENTRY ELEMENTS (KOHA)
Source of classification or shelving scheme Dewey Decimal Classification
Koha item type Books
Holdings
Withdrawn status Lost status Source of classification or shelving scheme Damaged status Not for loan Home library Current library Date acquired Total Checkouts Full call number Barcode Date last seen Price effective from Koha item type
    Dewey Decimal Classification     Bunge Tower Library Bunge Tower Library 06/07/2023   363.33 IPU 1000587 06/07/2023 06/07/2023 Books
LIBRARY OPENING HOURS

When the Parliament is sitting: 8.00a.m - 7.00p.m or until the house adjourns
Mondays and Fridays and when the House is on Recess:  8.00a.m - 5.00p.m
Closed on Weekends and Public Holidays

Online Public Access Catalog (OPAC)
Website: http://www.parliament.go.ke
Bunge Library: https://libraryir.parliament.go.ke
Contact: library@parliament.go.ke | Tel no: (254-2)2221291 or 2848000 Ext 5043